000 00802cam a2200229 i 4500
005 20260204081359.0
008 250721s2007 jo gr 000 0 ara d
020 _a9789957408817
082 1 4 _a371.912
_bط ع ا
100 1 _aالطعاني، سليمان قسيم
_eمؤلف.
245 1 0 _aإعلام الصم :
_bالنظرية والتطبيق /
_cسليمان قسيم الطهاني.
250 _aالطبعة الأولى.
264 3 1 _aعمان :
_bدار الخليج للنشر والتوزيع،
_c2007.
300 _a195صفحة.
650 1 7 _aالصم.
650 1 7 _aالمعوقون.
650 1 7 _aالطلاب المعوقون.
650 1 7 _aالتعليم الخاص.
650 1 7 _aالإعلام.
942 _2ddc
_cBK
999 _c108660
_d108660